[Event "Titled Tuesday intern op 12th Mar Late"]
[Site "Chess.com INT"]
[Date "2024.03.12"]
[Round "5"]
[White "Caceres Benitez, Arturo Eduardo"]
[Black "Poddubnyi, Viktor"]
[Result "1-0"]
[WhiteElo "2188"]
[BlackElo "2304"]
[PlyCount "35"]
[EventDate "2024.03.12"]
[EventType "swiss (blitz)"]
[EventRounds "11"]
[EventCountry "USA"]
[SourceTitle "CB12_2024"]
[SourceDate "2023.10.01"]
[SourceVersion "1"]
[SourceVersionDate "2023.10.01"]
[SourceQuality "1"]

1. e4 g6 2. d4 Bg7 3. h4 d5 4. e5 c5 5. c3 Nc6 6. h5 Bf5 7. g4 Be4 8. f3 Bxb1 9. Rxb1 cxd4 10. cxd4 Qb6 11. Be3 Bxe5 12. Ne2 e6 13. Qd2 Bg7 14. b4 Nge7 15. b5 Na5 16. Nc3 0-0-0 17. Na4 Qc7 18. b6 1-0

[Event "Titled Tuesday intern op 12th Mar Early"]
[Site "Chess.com INT"]
[Date "2024.03.12"]
[Round "6"]
[White "Camacho Collados, Jose"]
[Black "Poddubnyi, Viktor"]
[Result "1/2-1/2"]
[WhiteElo "2370"]
[BlackElo "2304"]
[PlyCount "127"]
[EventDate "2024.03.12"]
[EventType "swiss (blitz)"]
[EventRounds "11"]
[EventCountry "USA"]
[SourceTitle "CB12_2024"]
[SourceDate "2023.10.01"]
[SourceVersion "1"]
[SourceVersionDate "2023.10.01"]
[SourceQuality "1"]

1. e4 g6 2. d4 Bg7 3. Nf3 d6 4. h3 Nf6 5. Nc3 c6 6. Be3 0-0 7. a4 Nbd7 8. Be2 e5 9. 0-0 Qe7 10. dxe5 dxe5 11. Qb1 Nc5 12. Bd3 Nh5 13. b4 Nxd3 14. cxd3 Nf4 15. Bc5 Qf6 16. Bxf8 Bxf8 17. h4 Bg4 18. Ng5 h6 19. f3 Bd7 20. g3 Nh5 21. g4 Nf4 22. Nxf7 Kxf7 23. Qa2+ Be6 24. Qh2 Bxb4 25. Nd1 Rd8 26. Rb1 a5 27. Nf2 Nxd3 28. Nxd3 Rxd3 29. Qg3 Qd8 30. Rb2 Qd4+ 31. Qf2 Bc5 32. Rxb7+ Kf8 33. Qxd4 Bxd4+ 34. Kg2 Rd2+ 35. Kh3 h5 36. Rc7 c5 37. Rc6 Ke7 38. Rc7+ Kd6 39. Ra7 hxg4+ 40. fxg4 Rd3+ 41. Kg2 Rd2+ 42. Kf3 Rd3+ 43. Kg2 c4 44. Ra6+ Ke7 45. Rxa5 c3 46. Ra7+ Bd7 47. Rc7 Kd6 48. Rc4 Rd2+ 49. Kf3 Rd3+ 50. Ke2 Re3+ 51. Kd1 Bxg4+ 52. Kc2 Be2 53. Rf6+ Ke7 54. Rcc6 Bd3+ 55. Kb3 c2 56. Rfe6+ Kf7 57. Rf6+ Kg7 58. Rxg6+ Kf7 59. Rgf6+ Ke7 60. Rfe6+ Kd7 61. Red6+ Ke7 62. Re6+ Kf7 63. Rf6+ Ke7 64. Rfe6+ 1/2-1/2

[Event "Titled Tuesday intern op 12th Mar Early"]
[Site "Chess.com INT"]
[Date "2024.03.12"]
[Round "9"]
[White "Melillo, Lucius"]
[Black "Poddubnyi, Viktor"]
[Result "0-1"]
[WhiteElo "2274"]
[BlackElo "2304"]
[PlyCount "42"]
[EventDate "2024.03.12"]
[EventType "swiss (blitz)"]
[EventRounds "11"]
[EventCountry "USA"]
[SourceTitle "CB12_2024"]
[SourceDate "2023.10.01"]
[SourceVersion "1"]
[SourceVersionDate "2023.10.01"]
[SourceQuality "1"]

1. d4 g6 2. e4 Bg7 3. Nc3 d6 4. Be3 a6 5. g4 Nd7 6. h4 h5 7. gxh5 Rxh5 8. Be2 Rh8 9. h5 gxh5 10. Bxh5 Ndf6 11. Bf3 Rxh1 12. Bxh1 Ng4 13. Bf4 c5 14. dxc5 Qa5 15. Bd2 Qxc5 16. Qe2 Be6 17. 0-0-0 Nxf2 18. Be3 Bh6 19. Bxh6 Nxd1 20. Nxd1 Qxg1 21. Qh5 Bg4 0-1

[Event "Titled Tuesday intern op 12th Mar Late"]
[Site "Chess.com INT"]
[Date "2024.03.12"]
[Round "8"]
[White "Mesquita, Eduardo Barbosa"]
[Black "Poddubnyi, Viktor"]
[Result "0-1"]
[WhiteElo "1969"]
[BlackElo "2304"]
[PlyCount "82"]
[EventDate "2024.03.12"]
[EventType "swiss (blitz)"]
[EventRounds "11"]
[EventCountry "USA"]
[SourceTitle "CB12_2024"]
[SourceDate "2023.10.01"]
[SourceVersion "1"]
[SourceVersionDate "2023.10.01"]
[SourceQuality "1"]

1. Nf3 g6 2. d4 Bg7 3. c4 d6 4. Nc3 Nc6 5. e3 Nf6 6. Be2 0-0 7. 0-0 Nd7 8. d5 Nce5 9. Nd4 c5 10. dxc6 Nxc6 11. Nd5 e6 12. Nxc6 bxc6 13. Nb4 Qc7 14. Rb1 a5 15. Nc2 a4 16. b3 axb3 17. axb3 Nc5 18. Nd4 Bd7 19. Bb2 Rfb8 20. Bc3 Rb7 21. Bf3 Rab8 22. b4 Na4 23. b5 Nxc3 24. Qd3 Nxb1 25. Rxb1 Rb6 26. h4 Bxd4 27. Qxd4 cxb5 28. Rc1 bxc4 29. h5 e5 30. Qh4 Rb1 31. Rxb1 Rxb1+ 32. Kh2 Rb8 33. Qf6 Qd8 34. Qxd6 gxh5 35. Kg1 Be6 36. Qxe5 Rb1+ 37. Kh2 Qb8 38. Qxb8+ Rxb8 39. Bxh5 c3 40. Bd1 Bb3 41. Bxb3 Rxb3 0-1

[Event "Titled Tuesday intern op 12th Mar Late"]
[Site "Chess.com INT"]
[Date "2024.03.12"]
[Round "7"]
[White "Poddubnyi, Viktor"]
[Black "Krzesaj, Robert"]
[Result "0-1"]
[WhiteElo "2304"]
[BlackElo "2391"]
[PlyCount "86"]
[EventDate "2024.03.12"]
[EventType "swiss (blitz)"]
[EventRounds "11"]
[EventCountry "USA"]
[SourceTitle "CB12_2024"]
[SourceDate "2023.10.01"]
[SourceVersion "1"]
[SourceVersionDate "2023.10.01"]
[SourceQuality "1"]

1. e4 c6 2. d4 d5 3. exd5 cxd5 4. c4 Nf6 5. Nc3 Nc6 6. Bg5 dxc4 7. Bxc4 e6 8. Nf3 Be7 9. 0-0 0-0 10. Re1 Nb4 11. Ne5 Nbd5 12. Qf3 Nxc3 13. bxc3 Rb8 14. Bd3 Nd5 15. Bxe7 Nxe7 16. Qh5 g6 17. Qh6 Nf5 18. Qh3 b5 19. Nc6 Qc7 20. Nxb8 Qxb8 21. Rab1 Qc7 22. Bxb5 Bb7 23. Bf1 Bd5 24. c4 Ba8 25. Red1 Rd8 26. d5 exd5 27. cxd5 Rxd5 28. Rxd5 Bxd5 29. a3 a5 30. Qd3 Qc6 31. Rd1 Be4 32. Qd8+ Kg7 33. Qxa5 h5 34. Qe5+ Kh7 35. Qb2 h4 36. h3 Bd5 37. Qd2 Be6 38. Qb4 Qc2 39. Rb1 Qa2 40. a4 Ng7 41. Qxh4+ Nh5 42. Qb4 Qd5 43. a5 Qg5 0-1

[Event "Titled Tuesday intern op 12th Mar Late"]
[Site "Chess.com INT"]
[Date "2024.03.12"]
[Round "11"]
[White "Yushko, Olga"]
[Black "Poddubnyi, Viktor"]
[Result "0-1"]
[WhiteElo "2088"]
[BlackElo "2304"]
[PlyCount "74"]
[EventDate "2024.03.12"]
[EventType "swiss (blitz)"]
[EventRounds "11"]
[EventCountry "USA"]
[SourceTitle "CB12_2024"]
[SourceDate "2023.10.01"]
[SourceVersion "1"]
[SourceVersionDate "2023.10.01"]
[SourceQuality "1"]

1. d4 g6 2. c4 Bg7 3. Nf3 c5 4. d5 f5 5. Qc2 Nf6 6. Nc3 e6 7. e4 fxe4 8. Nxe4 exd5 9. Nxf6+ Qxf6 10. cxd5 0-0 11. Be2 d6 12. 0-0 Bf5 13. Bd3 Bg4 14. Bg5 Qf7 15. Be2 Nd7 16. Rad1 Rae8 17. Bh4 Bxf3 18. Bxf3 Ne5 19. Be4 b5 20. Bg3 Re7 21. a4 a6 22. axb5 axb5 23. Ra1 Nc4 24. Ra6 Be5 25. Bh4 Rb7 26. b3 Ne3 27. Re1 Nxc2 28. Bxc2 Re8 29. Be4 Rbb8 30. f3 Ra8 31. Rc6 Ra2 32. Bf2 Qf4 33. Bg3 Qd2 34. f4 Bd4+ 35. Kh1 Rxe4 36. Rc8+ Kg7 37. Rc7+ Kh6 0-1

[Event "Titled Tuesday intern op 13th Feb Early"]
[Site "Chess.com INT"]
[Date "2024.02.13"]
[Round "1"]
[White "Akhmedinov, Satbek"]
[Black "Poddubnyi, Viktor"]
[Result "1-0"]
[WhiteElo "2321"]
[BlackElo "2304"]
[PlyCount "59"]
[EventDate "2024.02.13"]
[EventType "swiss (blitz)"]
[EventRounds "11"]
[EventCountry "USA"]
[SourceTitle "CB08_2024"]
[SourceDate "2024.02.21"]
[SourceVersion "1"]
[SourceVersionDate "2024.02.21"]
[SourceQuality "1"]

1. e4 g6 2. d4 Bg7 3. Nc3 d6 4. Be3 a6 5. h4 h5 6. a4 Nf6 7. f3 Nc6 8. Nh3 Bxh3 9. Rxh3 e5 10. d5 Nd4 11. Nb1 c5 12. c3 Qb6 13. cxd4 Qxb2 14. Nd2 cxd4 15. Nc4 Qb4+ 16. Bd2 Qc5 17. Qb3 0-0 18. Bb4 Qc8 19. Nb6 Qc7 20. Nxa8 Rxa8 21. Bd3 Rc8 22. Ke2 Nd7 23. Rhh1 Nc5 24. Bxc5 dxc5 25. Rhc1 Bh6 26. Rc2 Qe7 27. Rh1 Qf6 28. Qxb7 Rf8 29. g3 g5 30. Qxa6 1-0

[Event "Titled Tuesday intern op 13th Feb Late"]
[Site "Chess.com INT"]
[Date "2024.02.13"]
[Round "8"]
[White "Hajiyev, Kanan"]
[Black "Poddubnyi, Viktor"]
[Result "0-1"]
[WhiteElo "2081"]
[BlackElo "2304"]
[PlyCount "34"]
[EventDate "2024.02.13"]
[EventType "swiss (blitz)"]
[EventRounds "11"]
[EventCountry "USA"]
[SourceTitle "CB08_2024"]
[SourceDate "2024.02.21"]
[SourceVersion "1"]
[SourceVersionDate "2024.02.21"]
[SourceQuality "1"]

1. d4 g6 2. Nf3 Bg7 3. c4 c5 4. d5 f5 5. h4 Nf6 6. Nc3 d6 7. Bg5 h6 8. Bf4 Nbd7 9. e3 Ng4 10. Qc2 Nde5 11. Nd2 Bd7 12. h5 g5 13. Bg3 0-0 14. Be2 f4 15. exf4 gxf4 16. Bh4 Bf5 17. Nb3 Bxc2 0-1

[Event "Titled Tuesday intern op 13th Feb Late"]
[Site "Chess.com INT"]
[Date "2024.02.13"]
[Round "2"]
[White "Poddubnyi, Viktor"]
[Black "Tomiello, Lucas Costamilan"]
[Result "0-1"]
[WhiteElo "2304"]
[BlackElo "2280"]
[PlyCount "74"]
[EventDate "2024.02.13"]
[EventType "swiss (blitz)"]
[EventRounds "11"]
[EventCountry "USA"]
[SourceTitle "CB08_2024"]
[SourceDate "2024.02.21"]
[SourceVersion "1"]
[SourceVersionDate "2024.02.21"]
[SourceQuality "1"]

1. e4 c6 2. d4 d5 3. exd5 cxd5 4. c4 Nf6 5. Nc3 Nc6 6. Bg5 e6 7. Nf3 Be7 8. c5 0-0 9. Bb5 Bd7 10. 0-0 b6 11. Bxc6 Bxc6 12. Ne5 Be8 13. b4 Rc8 14. Re1 h6 15. Bh4 bxc5 16. bxc5 Qa5 17. Qd2 Rb8 18. Rab1 Rxb1 19. Rxb1 Qa6 20. h3 Ne4 21. Nxe4 Bxh4 22. Nd6 Be7 23. Nb7 Bb5 24. Qa5 Qxa5 25. Nxa5 a6 26. f3 Bg5 27. Kf2 Bd2 28. Nb3 Bc3 29. Rc1 Bb2 30. Rc2 Ba3 31. c6 Bd6 32. Nd7 Rc8 33. Na5 Bb4 34. Nb6 Rc7 35. Na8 Bxa5 36. Nxc7 Bxc7 37. Ke3 Kf8 0-1

[Event "Titled Tuesday intern op 13th Feb Early"]
[Site "Chess.com INT"]
[Date "2024.02.13"]
[Round "5"]
[White "Poddubnyi, Viktor"]
[Black "Vila Dupla, Aurelio"]
[Result "0-1"]
[WhiteElo "2304"]
[BlackElo "2042"]
[PlyCount "56"]
[EventDate "2024.02.13"]
[EventType "swiss (blitz)"]
[EventRounds "11"]
[EventCountry "USA"]
[SourceTitle "CB08_2024"]
[SourceDate "2024.02.21"]
[SourceVersion "1"]
[SourceVersionDate "2024.02.21"]
[SourceQuality "1"]

1. e4 e6 2. d4 d5 3. Nd2 Nf6 4. e5 Nfd7 5. Bd3 Be7 6. Ngf3 b6 7. 0-0 Ba6 8. Ne1 Bxd3 9. Nxd3 0-0 10. Nf4 c5 11. c3 Nc6 12. Qg4 cxd4 13. Nh5 g6 14. cxd4 Kh8 15. Ng3 f5 16. exf6 Nxf6 17. Qxe6 Nxd4 18. Qe5 Nc6 19. Qe2 Qd7 20. Nf3 Rfe8 21. Rd1 Bc5 22. Qd3 Ng4 23. Nh1 Nb4 24. Qc3+ Kg8 25. a3 Nc6 26. b4 Bf8 27. Bb2 d4 28. Nxd4 Bg7 0-1

[Event "Titled Tuesday intern op 13th Feb Late"]
[Site "Chess.com INT"]
[Date "2024.02.13"]
[Round "11"]
[White "Poddubnyi, Viktor"]
[Black "Zakrzewski, Marek"]
[Result "1/2-1/2"]
[WhiteElo "2304"]
[BlackElo "2294"]
[PlyCount "83"]
[EventDate "2024.02.13"]
[EventType "swiss (blitz)"]
[EventRounds "11"]
[EventCountry "USA"]
[SourceTitle "CB08_2024"]
[SourceDate "2024.02.21"]
[SourceVersion "1"]
[SourceVersionDate "2024.02.21"]
[SourceQuality "1"]

1. e4 c5 2. Nf3 e6 3. g3 b6 4. Bg2 Bb7 5. d3 d6 6. 0-0 Nd7 7. c3 Ngf6 8. Re1 Be7 9. Nbd2 Rc8 10. d4 cxd4 11. cxd4 h5 12. e5 dxe5 13. dxe5 Ng4 14. h3 Nxf2 15. Kxf2 Bc5+ 16. Re3 Bxe3+ 17. Kxe3 Nxe5 18. Nxe5 Bxg2 19. Qa4+ Kf8 20. Ndf3 Bxh3 21. Bd2 Kg8 22. Bc3 Rh6 23. Rd1 Qc7 24. Rd7 Qc5+ 25. Qd4 Qxd4+ 26. Nxd4 f6 27. Nec6 Kh8 28. Nxa7 Rc5 29. Nb3 Rd5 30. Rxd5 exd5 31. Bd4 f5 32. Nc8 Rg6 33. Kf2 b5 34. Ne7 Rd6 35. Nc5 Kh7 36. Be5 Rd8 37. Ne6 Re8 38. Ng5+ Kh6 39. Nf7+ Kh7 40. Ng5+ Kh6 41. Nf7+ Kh7 42. Ng5+ 1/2-1/2

[Event "Titled Tuesday intern op 13th Feb Early"]
[Site "Chess.com INT"]
[Date "2024.02.13"]
[Round "2"]
[White "Voicu, Teodor Mihnea"]
[Black "Poddubnyi, Viktor"]
[Result "1-0"]
[WhiteElo "2145"]
[BlackElo "2304"]
[PlyCount "61"]
[EventDate "2024.02.13"]
[EventType "swiss (blitz)"]
[EventRounds "11"]
[EventCountry "USA"]
[SourceTitle "CB08_2024"]
[SourceDate "2024.02.21"]
[SourceVersion "1"]
[SourceVersionDate "2024.02.21"]
[SourceQuality "1"]

1. d4 g6 2. c4 Bg7 3. Nc3 c5 4. d5 f5 5. Bd2 Nf6 6. e3 e6 7. Bd3 exd5 8. cxd5 d6 9. Nge2 0-0 10. 0-0 Nbd7 11. Ng3 Ne5 12. Be2 a6 13. a4 Qe7 14. Rc1 Bd7 15. Qb3 Rab8 16. a5 h5 17. Rfe1 h4 18. Nf1 Qf7 19. f4 c4 20. Bxc4 Nxc4 21. Qxc4 h3 22. gxh3 Rbe8 23. Ng3 Bh6 24. Qb4 Qe7 25. Nce2 Ne4 26. Nd4 g5 27. Kg2 g4 28. hxg4 fxg4 29. Ne6 Bxe6 30. dxe6 Qh4 31. Qxe4 1-0

[Event "Titled Tuesday intern op 06th Feb Early"]
[Site "Chess.com INT"]
[Date "2024.02.06"]
[Round "9"]
[White "Balla, Tamas Kristof"]
[Black "Poddubnyi, Viktor"]
[Result "1-0"]
[WhiteElo "2283"]
[BlackElo "2304"]
[PlyCount "53"]
[EventDate "2024.02.06"]
[EventType "swiss (blitz)"]
[EventRounds "11"]
[EventCountry "USA"]
[SourceTitle "CB07_2024"]
[SourceDate "2024.02.14"]
[SourceVersion "1"]
[SourceVersionDate "2024.02.14"]
[SourceQuality "1"]

1. e4 g6 2. d4 Bg7 3. Nc3 d6 4. f4 Nf6 5. Nf3 c5 6. Be3 cxd4 7. Bxd4 Nc6 8. Bb5 0-0 9. Bxc6 bxc6 10. 0-0 c5 11. Bf2 Ng4 12. Bg3 Ne3 13. Qd2 Nxf1 14. Rxf1 Rb8 15. Nd5 Rxb2 16. Bh4 Rb7 17. f5 Rd7 18. Ne1 Bb7 19. f6 exf6 20. Bxf6 Qe8 21. Bxg7 Kxg7 22. Nf6 Qe6 23. Qc3 Re7 24. Ne8+ Kh6 25. Qg7+ Kg5 26. h4+ Kg4 27. Nf6+ 1-0

[Event "Titled Tuesday intern op 06th Feb Late"]
[Site "Chess.com INT"]
[Date "2024.02.06"]
[Round "3"]
[White "Poddubnyi, Viktor"]
[Black "Korchynskyi, Mykola"]
[Result "0-1"]
[WhiteElo "2304"]
[BlackElo "2263"]
[PlyCount "78"]
[EventDate "2024.02.06"]
[EventType "swiss (blitz)"]
[EventRounds "11"]
[EventCountry "USA"]
[SourceTitle "CB07_2024"]
[SourceDate "2024.02.14"]
[SourceVersion "1"]
[SourceVersionDate "2024.02.14"]
[SourceQuality "1"]

1. e4 e6 2. d4 d5 3. Nd2 c5 4. exd5 Qxd5 5. Ngf3 cxd4 6. Bc4 Qd6 7. 0-0 Nf6 8. Nb3 Nc6 9. Nbxd4 Nxd4 10. Qxd4 Qxd4 11. Nxd4 a6 12. Be2 Bc5 13. Nb3 Bb6 14. Bf3 0-0 15. Bf4 a5 16. Rfd1 a4 17. Nd4 a3 18. b3 Re8 19. Be5 Nd7 20. Bd6 e5 21. Nb5 e4 22. Be2 Nf6 23. Nc7 Bxc7 24. Bxc7 Bg4 25. Bxg4 Nxg4 26. Rd4 Rac8 27. Rc4 b5 28. Rc5 e3 29. fxe3 Rxe3 30. Rd1 h6 31. h3 Nf6 32. Kf2 Re7 33. Rd8+ Rxd8 34. Bxd8 Ne4+ 35. Kf3 Re8 36. Rd5 Nc3 37. Rd7 Nxa2 38. Be7 b4 39. Bc5 Rc8 0-1

[Event "Titled Tuesday intern op 06th Feb Late"]
[Site "Chess.com INT"]
[Date "2024.02.06"]
[Round "2"]
[White "Poddubnyi, Viktor"]
[Black "Silva Lucena, Cristian"]
[Result "1-0"]
[WhiteElo "2304"]
[BlackElo "2340"]
[PlyCount "35"]
[EventDate "2024.02.06"]
[EventType "swiss (blitz)"]
[EventRounds "11"]
[EventCountry "USA"]
[SourceTitle "CB07_2024"]
[SourceDate "2024.02.14"]
[SourceVersion "1"]
[SourceVersionDate "2024.02.14"]
[SourceQuality "1"]

1. e4 c6 2. d4 d5 3. exd5 cxd5 4. c4 Nf6 5. Nc3 g6 6. Qb3 Bg7 7. cxd5 0-0 8. Be2 Nbd7 9. Bf3 Nb6 10. Nge2 Bf5 11. 0-0 Bd3 12. d6 Qxd6 13. Bxb7 Rab8 14. Bf3 Nbd5 15. Qd1 Ba6 16. Re1 Rfd8 17. Na4 Qb6 18. Nxb6 1-0

[Event "Titled Tuesday intern op 06th Feb Early"]
[Site "Chess.com INT"]
[Date "2024.02.06"]
[Round "4"]
[White "Poddubnyi, Viktor"]
[Black "Weldegebriel Beraki, Kibrom"]
[Result "1-0"]
[WhiteElo "2304"]
[BlackElo "1808"]
[PlyCount "79"]
[EventDate "2024.02.06"]
[EventType "swiss (blitz)"]
[EventRounds "11"]
[EventCountry "USA"]
[SourceTitle "CB07_2024"]
[SourceDate "2024.02.14"]
[SourceVersion "1"]
[SourceVersionDate "2024.02.14"]
[SourceQuality "1"]

1. e4 e5 2. f4 exf4 3. Nf3 h6 4. d4 g5 5. g3 fxg3 6. hxg3 Bg7 7. Nc3 d6 8. Be3 Nc6 9. Qd2 Bg4 10. Be2 Nge7 11. 0-0-0 Qd7 12. Nd5 0-0-0 13. c3 f5 14. Nxe7+ Nxe7 15. exf5 Bxf5 16. b3 Kb8 17. Rdf1 Nd5 18. Bf2 Qc6 19. Kb2 Be4 20. Rhg1 Rhf8 21. Ne1 Rxf2 22. Rxf2 Nxc3 23. Qxc3 Bxd4 24. Qxd4 d5 25. Rgf1 b6 26. Rf8 Rxf8 27. Rxf8+ Kb7 28. Bd3 Bh1 29. Rf1 Be4 30. Bxe4 dxe4 31. Nc2 h5 32. Re1 Qh6 33. Qxe4+ Kb8 34. Nd4 a5 35. Nc6+ Kc8 36. Rc1 h4 37. Qe8+ Kb7 38. Qb8+ Ka6 39. Qa8+ Kb5 40. a4# 1-0

[Event "Titled Tuesday intern op 06th Feb Late"]
[Site "Chess.com INT"]
[Date "2024.02.06"]
[Round "8"]
[White "Rego, Vinicius Vilela"]
[Black "Poddubnyi, Viktor"]
[Result "0-1"]
[WhiteElo "2238"]
[BlackElo "2304"]
[PlyCount "54"]
[EventDate "2024.02.06"]
[EventType "swiss (blitz)"]
[EventRounds "11"]
[EventCountry "USA"]
[SourceTitle "CB07_2024"]
[SourceDate "2024.02.14"]
[SourceVersion "1"]
[SourceVersionDate "2024.02.14"]
[SourceQuality "1"]

1. e4 g6 2. d4 Bg7 3. c4 Nc6 4. d5 Nd4 5. Be3 c5 6. Nc3 e5 7. h4 h6 8. f4 exf4 9. Bxf4 d6 10. Nf3 Bg4 11. Qa4+ Kf8 12. Nxd4 cxd4 13. Nb5 Be5 14. Bd2 Nf6 15. Bd3 Kg7 16. Qa3 a6 17. Ba5 b6 18. Nxd4 Bxd4 19. Bc3 Bxc3+ 20. Qxc3 Qe7 21. 0-0 Qe5 22. Qb3 Rab8 23. Rae1 Rhe8 24. Rf2 Bd7 25. Qc2 Ng4 26. Rf3 Qh2+ 27. Kf1 Qh1+ 0-1

[Event "Titled Tuesday intern op 23rd Jan Late"]
[Site "Chess.com INT"]
[Date "2024.01.23"]
[Round "10"]
[White "Grinev, Valeriy"]
[Black "Poddubnyi, Viktor"]
[Result "1-0"]
[WhiteElo "2422"]
[BlackElo "2304"]
[PlyCount "95"]
[EventDate "2024.01.23"]
[EventType "swiss (blitz)"]
[EventRounds "11"]
[EventCountry "USA"]
[SourceTitle "CB05_2024"]
[SourceDate "2024.01.31"]
[SourceVersion "1"]
[SourceVersionDate "2024.01.31"]
[SourceQuality "1"]

1. e4 g6 2. Nf3 Bg7 3. Nc3 c5 4. h4 h6 5. d3 Nf6 6. e5 Ng4 7. Bf4 Nc6 8. Qe2 0-0 9. 0-0-0 d6 10. exd6 exd6 11. Qd2 Be6 12. a3 b5 13. Ne4 Nce5 14. Nxe5 dxe5 15. Bg3 b4 16. a4 b3 17. c4 Rc8 18. f3 Nf6 19. Nxf6+ Qxf6 20. h5 g5 21. Re1 Qf5 22. Be2 Rfd8 23. Qc3 e4 24. dxe4 Bxc3 25. exf5 Bxe1 26. Rxe1 Bxf5 27. Bd1 Bc2 28. Bxc2 bxc2 29. Kxc2 Re8 30. Rxe8+ Rxe8 31. Kd3 f5 32. Bc7 Rc8 33. Be5 Kf7 34. b3 Ke6 35. Bg7 Kf7 36. Bxh6 Rh8 37. Bxg5 Rxh5 38. Be3 Rh2 39. g4 fxg4 40. fxg4 Rg2 41. g5 Rg3 42. Ke4 Ke6 43. Bxc5 Rxb3 44. Bxa7 Rb4 45. Kd4 Rxa4 46. Bb6 Kf5 47. Bd8 Kg6 48. Bf6 1-0

[Event "Titled Tuesday intern op 23rd Jan Late"]
[Site "Chess.com INT"]
[Date "2024.01.23"]
[Round "3"]
[White "Kashefi, Amir Hossein"]
[Black "Poddubnyi, Viktor"]
[Result "1-0"]
[WhiteElo "2193"]
[BlackElo "2304"]
[PlyCount "103"]
[EventDate "2024.01.23"]
[EventType "swiss (blitz)"]
[EventRounds "11"]
[EventCountry "USA"]
[SourceTitle "CB05_2024"]
[SourceDate "2024.01.31"]
[SourceVersion "1"]
[SourceVersionDate "2024.01.31"]
[SourceQuality "1"]

1. d4 g6 2. Nf3 Bg7 3. Bf4 Nf6 4. e3 d6 5. Be2 0-0 6. 0-0 Nc6 7. c3 Nd7 8. Na3 e5 9. Bg3 a6 10. Rc1 Qe7 11. dxe5 dxe5 12. Qc2 Nb6 13. Nc4 Nxc4 14. Bxc4 Be6 15. Bxe6 Qxe6 16. Qb3 Qxb3 17. axb3 a5 18. Rfd1 Rfd8 19. Kf1 f6 20. Nd2 b6 21. Ke2 Rd7 22. Nc4 Rad8 23. Rxd7 Rxd7 24. f4 e4 25. f5 gxf5 26. Rd1 Rxd1 27. Kxd1 Ne5 28. Na3 Bf8 29. Nb5 Nd3 30. Bxc7 Bc5 31. Nd4 f4 32. exf4 Nxb2+ 33. Kd2 a4 34. bxa4 Nxa4 35. f5 Kf7 36. Nb5 Nb2 37. Bf4 Nc4+ 38. Ke2 Ke7 39. g4 Kd7 40. h4 Kc6 41. Na7+ Kd5 42. Nb5 Ne5 43. Nc7+ Kd6 44. Ne8+ Ke7 45. Bxe5 fxe5 46. Nc7 Kf6 47. Nd5+ Kf7 48. Ne3 h6 49. g5 hxg5 50. hxg5 Be7 51. f6 Bc5 52. Nc4 1-0

[Event "Titled Tuesday intern op 23rd Jan Late"]
[Site "Chess.com INT"]
[Date "2024.01.23"]
[Round "5"]
[White "Poddubnyi, Viktor"]
[Black "Mikhalsky, Vladimir"]
[Result "0-1"]
[WhiteElo "2304"]
[BlackElo "2219"]
[PlyCount "120"]
[EventDate "2024.01.23"]
[EventType "swiss (blitz)"]
[EventRounds "11"]
[EventCountry "USA"]
[SourceTitle "CB05_2024"]
[SourceDate "2024.01.31"]
[SourceVersion "1"]
[SourceVersionDate "2024.01.31"]
[SourceQuality "1"]

1. e4 g6 2. d4 Bg7 3. c4 d6 4. Nc3 Nf6 5. Nf3 0-0 6. Be2 e5 7. 0-0 Nc6 8. d5 Ne7 9. Kh1 Nd7 10. Ng1 f5 11. Bf3 a5 12. Bd2 Nc5 13. Qe2 h6 14. b3 g5 15. exf5 Nxf5 16. Be4 Nd4 17. Qd1 g4 18. Be3 Bd7 19. Rc1 Qh4 20. Nge2 Nxe4 21. Nxe4 Bf5 22. N4g3 Nxe2 23. Qxe2 Bh7 24. Kg1 Kh8 25. c5 a4 26. b4 Bg6 27. cxd6 cxd6 28. Rc7 Qd8 29. Rxb7 h5 30. Rc1 Rc8 31. Rc6 Rxc6 32. dxc6 d5 33. Rd7 Qc8 34. b5 d4 35. Bg5 d3 36. Qe3 Rf4 37. Rd8+ Qxd8 38. Bxd8 Rd4 39. Qd2 Rxd8 40. c7 Rc8 41. b6 Kh7 42. b7 Rxc7 43. b8Q Rc2 44. Qbb4 e4 45. Qxc2 dxc2 46. Qd2 e3 47. fxe3 Bb2 48. Ne2 a3 49. Kf2 Be4 50. h3 gxh3 51. gxh3 Kg7 52. Ng3 Bg6 53. e4 c1Q 54. Qd7+ Kg8 55. Qd8+ Kf7 56. Qd7+ Kf8 57. Qd6+ Kg7 58. Qe7+ Kh6 59. Qf8+ Bg7 60. Qf3 Qd2+ 0-1

[Event "Titled Tuesday intern op 23rd Jan Late"]
[Site "Chess.com INT"]
[Date "2024.01.23"]
[Round "9"]
[White "Polok, Kacper"]
[Black "Poddubnyi, Viktor"]
[Result "0-1"]
[WhiteElo "2247"]
[BlackElo "2304"]
[PlyCount "38"]
[EventDate "2024.01.23"]
[EventType "swiss (blitz)"]
[EventRounds "11"]
[EventCountry "USA"]
[SourceTitle "CB05_2024"]
[SourceDate "2024.01.31"]
[SourceVersion "1"]
[SourceVersionDate "2024.01.31"]
[SourceQuality "1"]

1. e4 g6 2. d4 Bg7 3. Nc3 d6 4. Bg5 c5 5. dxc5 Qa5 6. Bb5+ Bd7 7. Bxd7+ Nxd7 8. Bd2 Qxc5 9. Nge2 Ngf6 10. 0-0 0-0 11. h3 a6 12. Be3 Qc7 13. Bd4 Rac8 14. Qd2 b5 15. a3 Nb6 16. Bxb6 Qxb6 17. Rad1 Rc4 18. Kh1 Nxe4 19. b3 Nxd2 0-1

[Event "Titled Tuesday intern op 16th Jan Early"]
[Site "Chess.com INT"]
[Date "2024.01.16"]
[Round "7"]
[White "Martin Barcelo, Carles"]
[Black "Poddubnyi, Viktor"]
[Result "1-0"]
[WhiteElo "2222"]
[BlackElo "2304"]
[PlyCount "79"]
[EventDate "2024.01.16"]
[EventType "swiss (blitz)"]
[EventRounds "11"]
[EventCountry "USA"]
[SourceTitle "CB04_2024"]
[SourceDate "2023.10.16"]
[SourceVersion "1"]
[SourceVersionDate "2023.10.16"]
[SourceQuality "1"]

1. e4 g6 2. d4 Bg7 3. Nf3 d6 4. h3 Nf6 5. Bd3 Nc6 6. c3 e5 7. 0-0 0-0 8. Re1 h6 9. Be3 Qe7 10. Nbd2 Nh5 11. a4 a5 12. Bb5 Nf4 13. Kh2 g5 14. Bf1 g4 15. Ng1 gxh3 16. g3 Ng2 17. Bxg2 hxg2 18. d5 Nd8 19. f3 f5 20. exf5 Bxf5 21. Ne4 Nf7 22. Kxg2 Ng5 23. Bxg5 hxg5 24. Nh3 Bf6 25. Nhf2 Rf7 26. Ng4 Bxg4 27. fxg4 Raf8 28. Rf1 Bg7 29. Qe2 c6 30. c4 cxd5 31. cxd5 Rxf1 32. Rxf1 Rxf1 33. Qxf1 Qc7 34. Qd3 Qb6 35. Qd2 Qb3 36. Nxg5 Qxa4 37. Ne6 Qxg4 38. Qc2 e4 39. Qd2 Be5 40. Qf2 1-0